000
00218nam a22000977a 4500
999
_c
16194
_d
16194
003
OSt
008
200619b ||||| |||| 00| 0 eng d
100
_a
S Rajaraman
_9
4615
245
_a
Practical plane geometry
942
_c
BK